[Event "Al Mahmud Memorial Probashi Chess-ch 202"]
[Site "Dhaka"]
[Date "2022.02.07"]
[Round "3.1"]
[White "Mollah Abdullah, Al Rakib"]
[Black "Noshin, Anjum"]
[Result "1-0"]
[WhiteElo "2426"]
[BlackElo "2017"]
[Annotator "TA"]
[PlyCount "121"]
[EventDate "2022.02.06"]
[EventCountry "BAN"]
[SourceTitle "playchess.com"]
[Source "ChessBase"]
[SourceQuality "1"]

{[%evp 13,121,1,8,5,7,6,1,0,0,0,38,32,51,34,42,0,73,73,76,75,71,57,63,48,84,82,86,92,105,80,73,64,73,74,76,69,104,104,105,104,106,89,87,31,44,30,34,25,22,0,0,0,6,0,4,0,24,24,31,0,8,8,8,8,8,8,8,8,179,174,179,191,177,182,181,182,162,158,158,131,172,69,68,29,56,63,56,56,56,58,56,8,56,56,56,0,8,0,56,56,56,56,56,56,56,56,56,64,64,90]} 1. d4 d5 2. Nf3 Nf6 3. c4 c6 4. Nc3 e6 5. Qb3 dxc4 6. Qxc4 b5 7. Qd3 a6 8. e4 {8.g4 injects fresh life into this line. D43: Semi-Slav: 5 Bg5 h6.} c5 9. dxc5 {aiming for Qxd8+.} Bxc5 10. Qxd8+ {The position is equal.} Kxd8 11. e5 {[#]} Nd5 $146 ({Predecessor:} 11... Ng4 12. Ne4 Bb4+ 13. Bd2 Bxd2+ 14. Kxd2 Nd7 15. Rc1 Ngxe5 16. Nxe5 Nxe5 17. Be2 Ra7 {1-0 (71) Moiseenko,A (2659)-Bok,B (2622) Chess.com INT 2018}) 12. Nxd5 exd5 13. Bd2 Nd7 14. Bd3 (14. Ba5+ $14 Bb6 15. Bxb6+ Nxb6 16. Nd4) 14... Bb7 (14... Re8 $1 $11 {keeps the balance.}) 15. O-O $36 {[%mdl 2048] Black is under strong pressure.} h6 16. Rfe1 Re8 17. Bf5 Bb6 18. Rad1 Re7 19. Bc3 Nc5 {[#] Inhibits e6.} 20. Bd4 $1 Na4 21. Bxb6+ Nxb6 22. b3 {White is much more active.} g6 23. Bh3 Bc8 24. Bxc8 Kxc8 25. Nd4 Kb7 26. f4 Rae8 27. Kf2 (27. Rc1 {with more complications.} Nd7 28. a4 bxa4 29. bxa4 Rc8 30. Rxc8 Kxc8 31. Rc1+) 27... Nd7 28. Nc2 (28. Nf3 $16) 28... f6 $1 $14 {[%cal Rf6e5]} 29. exf6 (29. Kg1 {is interesting.} fxe5 30. Rxd5 Kc8 31. f5 gxf5 32. Ne3) 29... Nxf6 30. Rxe7+ Rxe7 {[%mdl 4096] Endgame KRN-KRN} 31. Ne3 Kc6 32. Kf3 a5 33. g4 Rd7 $1 34. Nc2 b4 35. f5 g5 36. h4 Ne4 37. Nd4+ Kd6 38. hxg5 Nxg5+ 39. Kf4 {Threatens to win with f6.} Re7 40. f6 Rf7 $2 {[#]} (40... Re5 $11) 41. Nf5+ $1 $18 Ke6 42. Nxh6 Nh3+ 43. Kg3 Rxf6 44. Re1+ ({Inferior is} 44. Kxh3 Rxh6+ 45. Kg3 Rh8 $11) 44... Kd7 45. Nf5 ({Worse is} 45. Kxh3 Rxh6+ 46. Kg3 Rg6 $11) 45... Ng5 46. Re5 Ne4+ 47. Kf4 ({White must play} 47. Kh4 $18) 47... Nc3 $1 $14 48. g5 (48. Re7+ {feels hotter.} Kd8 49. Re3 Kd7 50. a4 bxa3 51. Rxc3 Rb6 52. Rc2) 48... Re6 {And now ...Ne2+ would win.} 49. Nd4 {Inhibits Ne2+.} Rxe5 50. Kxe5 {KN-KN} Ke7 51. g6 {Nf5+ is the strong threat.} Kf8 $1 52. Nf5 (52. Kf6 $1 $14 Ne4+ 53. Kf5) 52... Kg8 (52... d4 $1 $11 {might be stronger.} 53. Nxd4 (53. Kxd4 Nxa2 54. Kd3 Nc1+ 55. Kc2 Na2 $11) 53... Nxa2) 53. Kf6 $1 Ne4+ 54. Ke5 (54. Ke6 $1 $14 {should be considered.} Nc3 55. g7) 54... Nc3 $11 55. Kf6 (55. Ke6 $11 {feels stronger.}) 55... Ne4+ $14 56. Ke6 $1 {White is slightly better.} Nc3 57. g7 {White threatens Kf6 and mate.} d4 $1 58. Kf6 $1 {White wants to mate with Kg6.} Nd5+ 59. Kg6 $1 {[%cal Rf5h6]} Nf4+ 60. Kh6 {Ne7+ would kill now.} Nd5 {To avoid Ne7+} 61. Nxd4 {Blacks defense is rewarded with a draw.  Weighted Error Value: White=0.09 (flawless) /Black=0.14 (very precise)} 1-0

[Event "Al Mahmud Memorial Probashi Chess-ch 202"]
[Site "Dhaka"]
[Date "2022.02.07"]
[Round "3.2"]
[White "Chowdhury, Sohel"]
[Black "Rahman, Ziaur"]
[Result "0-1"]
[WhiteElo "2046"]
[BlackElo "2417"]
[Annotator "TA"]
[PlyCount "179"]
[EventDate "2022.02.06"]
[EventCountry "BAN"]
[SourceTitle "playchess.com"]
[Source "ChessBase"]
[SourceQuality "1"]

{[%evp 21,179,27,42,37,39,41,39,22,42,28,32,27,37,20,20,8,14,6,9,-23,-17,-5,-12,-36,-18,-31,-23,-45,-25,-55,-59,-86,-99,-74,-96,-103,-100,-106,-104,-99,-49,-289,-302,-395,-394,-568,-567,-491,-239,-239,-232,-206,-217,-398,-387,-595,-593,-568,-543,-639,-176,-156,-119,-156,-171,-168,-49,-49,0,-170,-165,-202,-177,-166,-161,-391,-391,-568,-391,-494,-476,-445,-252,-258,-258,-258,0,-450,-450,-450,-450,-616,-615,-1130,-613,-730,-391,-391,-391,-391,-391,-243,-376,-375,-375,-332,-251,-251,-251,-251,-251,-251,-243,-251,-251,-251,-251,-250,-243,-243,-243,-251,-251,-646,-617,-613,-555,-813,-877,-776,-594,-1403,-1404,-5097,-4717,-1815,-1509,-1727,-1538,-1411,-1381,-1255,-815,-4717,-1406,-1404,-1404,-1380,-1261,-1255,-1181,-1288,-991,-29981,-29982,-29990,-29991,-29991,-29992,-29999]} 1. e4 c5 2. Nc3 Nc6 3. g3 g6 4. Bg2 Bg7 5. d3 d6 6. Be3 Rb8 7. Qd2 b5 {[%cal Bb7b5,Bb5b4][%mdl 32]} 8. Nge2 b4 9. Nd1 e5 10. O-O Nge7 11. Bh6 O-O 12. Bxg7 {B26: Closed Sicilian: 3 g3, lines with early Be3.} Kxg7 13. a3 a5 14. axb4 {White is slightly better.} axb4 15. Ne3 Nd4 16. f4 f6 {[#]} 17. Rad1 $146 ({Predecessor:} 17. Rf2 Qc7 18. Raf1 Bd7 19. g4 Bc6 20. h4 Qd7 21. f5 d5 22. Ng3 dxe4 23. dxe4 gxf5 24. exf5 Bxg2 25. Rxg2 {1-0 (59) Yoo,C (2455)-Matinian,N (2470) Chess.com INT 2021}) 17... Be6 18. c3 Nxe2+ 19. Qxe2 exf4 20. Rxf4 bxc3 21. bxc3 Qa5 22. Qd2 Rb3 23. Rc1 Rfb8 24. Rf2 Rb1 25. Rcf1 R8b2 $36 {[%mdl 2048] Black is pushing.} 26. Qxb2 Rxb2 27. Rxb2 {aiming for Rb7.} Qxc3 28. Rb7 Kf7 29. Nd5 Bxd5 30. exd5 f5 (30... Qxd3 $2 31. Re1 Kg7 32. Rexe7+ $18) ({Black should try} 30... Qe5 $1 $17 31. Kf2 Qd4+ 32. Ke2 Kf8) 31. Rd7 $2 (31. g4 $1 $15) 31... Qe5 $1 $19 (31... Qxd3 32. Re1 Qd4+ 33. Kh1 $16) 32. Rb1 {[#]} Kf6 $1 33. Rb6 (33. Kh1 {was the only chance.}) 33... Qe3+ 34. Kf1 Qxd3+ (34... Kg5 $142 35. Rbxd6 Ng8 36. Rxh7 Qxd3+ 37. Ke1 Qe3+ 38. Kd1 (38. Kf1 $2 Nf6 $19) 38... Qg1+ 39. Kd2 Qxg2+ 40. Kc3 Nh6 41. h4+ Kh5) 35. Kf2 Qd2+ 36. Kf1 {[#]} Ng8 $1 37. Rdxd6+ $2 (37. h4 Ke5 38. Rdxd6 Qd3+ 39. Kf2) 37... Kg5 38. Re6 (38. h4+ $142 Kh6 39. Bf3) 38... c4 {[%cal Bc5c4,Bc4c3][%mdl 32]} 39. Rbc6 c3 40. Re2 Qd1+ (40... Qd3 {...Nf6 is the strong threat.} 41. h3 Qxg3) 41. Kf2 Nf6 42. Bf3 (42. h4+ $2 Kh6 43. Bf3 Qd4+ 44. Re3 Qd2+ 45. Re2 Qd4+ 46. Re3 Qd2+ 47. Re2 Qd4+ $19) 42... Qd4+ ({Weaker is} 42... Nxd5 43. h4+ Kh6 44. Bxd5 Qxd5 45. Rxc3 $17) 43. Re3 Qd2+ ({Inferior is} 43... Nxd5 44. h4+ Kh6 45. Bxd5 Qxd5 46. Rexc3 $17) (43... f4 $19 44. h4+ Kh6 45. gxf4 Qd2+ 46. Re2 Qxf4 47. Rxc3 Nxd5) 44. Re2 $15 Qd4+ (44... Ng4+ $15 45. Bxg4 Qd4+ 46. Re3 Kxg4 47. Rcxc3 Qd2+ 48. Kg1 Qd1+ 49. Kf2 Qd2+ 50. Kg1 Qd1+ 51. Kf2 Qxd5) 45. Re3 $1 $19 f4 ({Stronger than} 45... Nxd5 46. h4+ Kh6 47. Bxd5 Qxd5 48. Rexc3 $17) 46. h4+ Kh6 {The board is on fire.} 47. gxf4 Qxf4 48. Rexc3 $2 (48. Ke2) 48... Nxd5 49. R3c4 (49. Rb3 {is a better defense.}) 49... Qe3+ 50. Kg3 Qg1+ 51. Kh3 Qf1+ (51... Ne3 $142 {( -> ...Nf1)} 52. Rc3 Qf1+ 53. Kg3 Nf5+ 54. Kf4 Qf2) 52. Kg3 Qe1+ 53. Kh3 Qe3 $2 (53... Nb4 {[%cal Oe1f2] Hoping for ...Qf2!} 54. Rxb4 Qxb4) 54. Kg3 Qe5+ 55. Kh3 Nf4+ 56. Kg3 Nd3+ 57. Kg2 Qb2+ 58. Kh3 Ne5 59. Rc2 Qb1 60. Kg2 {To avoid Qf1+} Nxc6 61. Rxc6 {[%mdl 4096] Endgame KQ-KRB} Qb2+ (61... Qa2+ $142 62. Kg3 Qa7) 62. Kh3 Qf2 63. Kg4 Qh2 {Strongly threatening ...Kg7.} 64. Re6 Qg1+ 65. Kh3 Qf2 66. Kg4 Qd4+ 67. Re4 Qd6 68. Kh3 Kg7 69. Kg2 h6 70. Re2 Kf6 71. Re4 Kf5 72. Re8 $2 (72. Rg4) 72... Qd2+ 73. Re2 Qf4 74. h5 g5 {[%cal Bg6g5,Bg5g4][%mdl 32]} 75. Rf2 Qh4 76. Bd5+ Ke5 77. Bf7 g4 78. Bg6 Qh3+ 79. Kg1 Qg3+ 80. Kf1 Kd6 81. Rd2+ Ke7 82. Rd3 Qh2 (82... Qf4+ $142 83. Ke2 Qh2+ 84. Kd1 g3) 83. Re3+ Kf6 84. Re2 Qh1+ 85. Kf2 Kg5 {Threatens to win with ...Qf3+.} 86. Re5+ Kh4 87. Re3 Qh2+ {Black mates.} 88. Kf1 g3 {[%csl Gg3][%cal Rh2f2]} 89. Re4+ Kg5 {[%csl Gg3][%cal Rh2f2]} 90. Re3 {Weighted Error Value: White=0.60/Black=0.54} 0-1

[Event "Al Mahmud Memorial Probashi Chess-ch 202"]
[Site "Dhaka"]
[Date "2022.02.07"]
[Round "3.3"]
[White "Mehdi Hasan Parag"]
[Black "Masum, Hossain"]
[Result "0-1"]
[WhiteElo "2258"]
[BlackElo "2003"]
[Annotator "TA"]
[PlyCount "118"]
[EventDate "2022.02.06"]
[EventCountry "BAN"]
[SourceTitle "playchess.com"]
[Source "ChessBase"]
[SourceQuality "1"]

{[%evp 13,118,21,60,20,38,14,13,-6,19,0,0,-27,0,0,0,-7,12,-64,-63,-57,-54,-66,-33,-87,-87,-87,-86,-115,-126,-120,-108,-101,-101,-102,-101,-102,-100,-108,-95,-119,-115,-108,-60,-54,-45,-59,-59,-173,-95,-102,-109,-100,-95,-170,-131,-130,-96,-169,-169,-153,-124,-175,-226,-237,-224,-192,-119,-548,-489,-29973,-29974,-29974,-29976,-29975,-29971,-29971,-29972,-29983,-29984,-29984,-29977,-29975,-29969,-29967,-29959,-6424,-5565,-29983,-29984,-29984,-29985,-29985,-29986,-29986,-29987,-29987,-29988,-29988,-29989,-29989,-29986,-29986,-29987,-29989,-29988,-29991,-29992]} 1. e4 {Psakhis,L} e6 2. d4 d5 3. e5 c5 4. c3 Nc6 5. Nf3 Qb6 6. Be2 Bd7 7. O-O f6 {7...h6 is the recent fashion.} 8. Na3 {C02: French: Advance Variation.} fxe5 {[%cal Rc5d4]} 9. dxe5 {[%cal Ob2b4]} Nh6 10. c4 {The position is equal.} d4 11. Bd3 Nf7 12. Re1 Be7 {[#]} 13. Nb5 $146 ({Predecessor:} 13. h4 O-O-O 14. Nc2 Rdg8 15. a3 g5 16. hxg5 Nxg5 17. Bxg5 Bxg5 18. b4 Be7 19. Be4 cxb4 20. axb4 Nxb4 21. Nxb4 Bxb4 {1-0 (29) Grischuk,A (2606)-Kolev,A (2582) Istanbul 2000 EXT 2001 [Psakhis,L]}) 13... O-O-O 14. a4 {[%cal Oa4a5]} a6 {[#]} 15. Nd6+ (15. Bd2 $1 $11 Rdf8 16. a5) 15... Nxd6 $15 16. exd6 Bxd6 17. Ng5 $1 {[%csl LRe6,LRh7]} Qc7 18. Nf7 (18. g3 $1 $15) 18... Bxh2+ $17 19. Kh1 Bd6 20. Nxd8 Qxd8 21. Qh5 {Inhibits Qh4+.} g6 22. Qg5 Qxg5 23. Bxg5 h6 $1 24. Bd2 Ne5 $36 {[%mdl 2048] White is under strong pressure.} 25. Bf1 g5 {Inhibits Bf4.} 26. Ra3 Rf8 27. Kg1 Bc6 (27... Rf6 $17 28. Be2 Be8) 28. Rh3 $15 Rf6 29. b3 Kd7 30. Rh5 {[#]} ({White should try} 30. Bc1 $15) 30... Bf3 $1 {[%mdl 512]} 31. Rh3 (31. Rh1 Bg4) 31... Bg4 32. Rh1 Bf5 33. a5 (33. Be2 $17 {keeps fighting.}) 33... Bc2 34. Rh3 g4 {Black is much more active.} 35. Rxh6 (35. Rh5 $17 {is a better defense.} Nf7 36. Be2) 35... Rxh6 $19 36. Bxh6 Bxb3 37. Rb1 (37. Rc1 $17 {was called for.}) 37... Bxc4 38. Rxb7+ Kc6 39. Rb6+ {[#]} Kd5 (39... Kc7 $1 $19 40. f4 gxf3 41. gxf3 Nxf3+ 42. Kf2 Ne5) 40. Bf4 $2 {[%mdl 8192] This move loses the game for White.} (40. Bxc4+ $17 {is a better chance.} Nxc4 41. Rxa6) 40... Bxf1 41. Bxe5 (41. Kxf1 $19 Nc4 42. Rxa6 Bxf4 43. Ra7) 41... Bxe5 ({Not} 41... Kxe5 42. Kxf1 Kd5 43. Rxa6 $16) 42. Kxf1 {KR-KB} c4 {[%cal Bc5c4,Bc4c3][%mdl 32]} 43. Ke2 d3+ 44. Kd2 Kd4 45. g3 c3+ 46. Kd1 Bf6 47. Rb4+ Kc5 48. Rxg4 Bd4 49. Rf4 e5 50. Rf5 Kc4 {Black mates.} 51. Rf8 c2+ 52. Kc1 Bc3 53. Rc8+ Kb3 {[%csl Gc3][%cal Rd3d2]} 54. Rb8+ Bb4 55. Rxb4+ Kxb4 56. Kb2 Kc4 57. g4 Kd5 58. f3 e4 {[%cal Be5e4,Be4f3][%mdl 32]} 59. g5 exf3 {Weighted Error Value: White=0.49/Black=0.09 (flawless)} 0-1

[Event "Al Mahmud Memorial Probashi Chess-ch 202"]
[Site "Dhaka"]
[Date "2022.02.07"]
[Round "3.4"]
[White "Mukitul, Islam Ripon"]
[Black "Abu Sufian, Shakil"]
[Result "0-1"]
[WhiteElo "1983"]
[BlackElo "2232"]
[Annotator "TA"]
[PlyCount "97"]
[EventDate "2022.02.06"]
[EventCountry "BAN"]
[SourceTitle "playchess.com"]
[Source "ChessBase"]
[SourceQuality "1"]

{[%evp 18,97,0,0,0,0,0,0,27,-124,-115,-125,-118,-112,-109,-104,-117,-122,-102,-166,-179,-291,-285,-273,-266,-263,-250,-344,-348,-418,-404,-375,-362,-345,-360,-600,-539,-538,-514,-536,-528,-536,-533,-528,-535,-498,-494,-567,-572,-782,-776,-913,-887,-869,-866,-809,-799,-1077,-1093,-1047,-1010,-1530,-904,-1507,-1267,-29976,-29977,-29980,-29980,-29982,-29983,-29983,-29984,-29984,-29985,-29987,-29988,-29988,-29989,-29990,-29991,-29992]} 1. e4 c5 2. Nf3 d6 3. d4 cxd4 4. Nxd4 Nf6 5. Nc3 g6 6. Be2 Bg7 7. Be3 Nc6 8. Qd2 O-O 9. f3 d5 10. O-O-O dxe4 {B76: Sicilian Dragon: Yugoslav Attack, 9 g4 and 9 0-0-0.} 11. fxe4 Ng4 12. Bxg4 Bxg4 {The position is equal.} 13. Nf3 (13. Nxc6 $11 Qxd2+ 14. Rxd2 bxc6 15. Rd3) 13... Qa5 $17 14. Kb1 {[#]} Rfd8 $146 ({Predecessor:} 14... Bxc3 15. Qxc3 Qxc3 16. bxc3 Rfd8 17. Rxd8+ Rxd8 18. Nd4 Ne5 19. h3 Bd7 20. Kc1 a6 {0-1 (51) Woolcock,C-Edge,J Monmouth 2001}) 15. Nd5 {[%cal Od5e7]} Qb5 {[%csl Gg7][%cal Rb5b2]} 16. Qc1 Qa4 17. h3 Be6 18. c4 {[#]} (18. a3 $17) 18... Nb4 $1 $40 {[%csl Gb4][%cal Ra4a2][%mdl 128] Black goes for the king.} ({Worse is} 18... Bxd5 19. exd5 Nb4 20. a3 $14) 19. a3 (19. Nxb4 $142 Qxb4 20. b3) 19... Nxd5 20. exd5 Bf5+ 21. Ka2 Bc2 {To avoid b3. ( -> ...Qb3+). A strong pair of Bishops.} 22. Nd2 {Prevents Qb3+.} Bxd1 23. Rxd1 b5 {White must now prevent ...bxc4.} 24. b3 Qa6 25. Ne4 bxc4 26. bxc4 (26. Qxc4 Qc8 27. Qxc8 Rdxc8 28. Nc5) 26... Rdc8 27. Nc5 Qd6 28. Nb3 Qg3 29. Bd4 Qxg2+ 30. Rd2 Qxh3 31. Bxg7 Kxg7 32. c5 Rab8 33. Qb2+ Kg8 34. Qc2 {[#]} Rxb3 $1 35. Qxb3 Qxb3+ 36. Kxb3 Rxc5 {[%mdl 4096] Endgame KR-KR} 37. Kb4 Rc7 38. a4 h5 {[%cal Bh7h5,Bh5h4,Bh4h3,Bh3h2][%mdl 32]} 39. a5 h4 40. a6 g5 {aiming for ...h3.} 41. d6 exd6 {Black mates.} 42. Rxd6 Kg7 43. Rd5 f6 44. Rb5 h3 45. Rb7 Rf7 46. Kc4 h2 47. Rb1 g4 {[%cal Bg5g4,Bg4g3][%mdl 32]} 48. Kd4 g3 49. Ra1 {White did not feel at home in the position after the opening.  Weighted Error Value: White=0.85/Black=0.19 (very precise)} 0-1

[Event "Al Mahmud Memorial Probashi Chess-ch 202"]
[Site "Dhaka"]
[Date "2022.02.07"]
[Round "3.5"]
[White "Md., Sharif Hossain"]
[Black "Ahmed, Walijah"]
[Result "1-0"]
[WhiteElo "2211"]
[BlackElo "1953"]
[Annotator "TA"]
[PlyCount "113"]
[EventDate "2022.02.06"]
[EventCountry "BAN"]
[SourceTitle "playchess.com"]
[Source "ChessBase"]
[SourceQuality "1"]

{[%evp 12,113,0,0,11,0,13,6,36,12,22,15,21,0,2,0,16,8,10,8,10,-28,-29,-29,-32,-22,-25,-33,-27,-33,-24,-35,-41,-50,-46,-43,0,-52,-28,-56,-55,-59,-45,-27,0,0,0,0,0,-14,0,0,16,16,26,0,0,-33,-21,-32,-28,-18,-19,-34,-9,-35,-35,-35,-35,-157,-35,-40,0,-50,0,0,0,0,0,0,8,8,8,8,124,123,130,87,686,698,1760,1134,1099,1037,1305,1196,29992,29987,29987,29988,29988,1218,1096,855]} 1. e4 c5 2. Nf3 e6 3. d3 Nc6 4. g3 d6 5. Bg2 g6 6. O-O Bg7 7. c3 Nf6 {A04: Unusual lines after 1 Nf3 and King's Indian Attack.} 8. Bg5 Qc7 {[#]} 9. Na3 $146 {[%cal Bb1a3,Ba3c2,Bc2e3][%mdl 32]} ({Predecessor:} 9. a4 Rb8 10. Na3 a6 11. Nc4 b5 12. axb5 axb5 13. Nxd6+ Qxd6 14. e5 Nxe5 15. Nxe5 {1-0 (35) Shchekachev,A (2510)-Prost,F (2190) Montpellier 1997}) 9... a6 {The position is equal.} 10. Re1 O-O 11. Qd2 e5 12. h3 Re8 13. Nc2 b5 14. Nh2 Rb8 15. Ne3 Be6 16. Nef1 h5 17. Ne3 Nh7 18. Nd5 Bxd5 19. exd5 Ne7 20. h4 Qd7 21. b3 Nxg5 22. hxg5 Rf8 {[%cal Be8f8,Bf8f6,Bf6f4][%mdl 32]} 23. Be4 Qh3 (23... f6 $15) 24. g4 (24. Re3 $11) 24... hxg4 25. Re3 $1 Qh5 26. Rg3 $1 f5 27. gxf6 $1 Rxf6 (27... Bxf6 $5 {[%cal Rf6g5]} 28. Rxg4 Rf7 $15) 28. Nxg4 Rf4 29. f3 Kf7 30. Qh2 Rh8 {[%cal Of4g4]} 31. Qxh5 {Dancing on a razor blade.} gxh5 32. Ne3 Bh6 33. Ng2 Rf6 34. Rd1 Nf5 35. Bxf5 Rxf5 36. Kf2 Kf6 37. Rh1 Bg5 38. Ke2 Bf4 39. Rgh3 Rg5 40. Ne1 (40. Kf2 $15) 40... Bg3 ({Black should try} 40... a5 $17 {...b4 is the strong threat.} 41. Kf2 b4 42. cxb4 axb4) 41. Nc2 {Prevents b4.} Bf4 {[#] Threatens to win with ...Rg2+.} 42. Ne3 {Prevents Rg2+.} (42. Ne1 $1 $11) 42... Bxe3 (42... Kg6 $1 $15) 43. Kxe3 $11 Rg2 44. Rxh5 Rxh5 45. Rxh5 Rxa2 {[%mdl 4096] Endgame KR-KR} (45... Kg7 $5 {[%cal Rg2a2]}) 46. Rh6+ Ke7 47. Rh7+ Kf6 (47... Kd8 $11 {remains equal.}) 48. Rd7 $16 Ra3 49. Rxd6+ (49. Ke4 $142) 49... Kf5 $2 {[%mdl 8192] Black cannot hold the game after this.} (49... Ke7 $16 50. Re6+ Kd7) 50. Rh6 $18 Kg5 {[#]} 51. d6 $1 {[%mdl 512] White wants to mate with Rh8.} Kxh6 {KR-KP} 52. d7 Rxb3 53. d8=Q {Intending Qh8+ and mate.} Rxc3 54. Qd6+ Kh7 55. Qe7+ Kg8 56. Qxe5 (56. Ke4 $142 Rc2 57. Qe6+ Kh8 58. Qxa6 c4 59. Qxb5 Kg7 60. dxc4 Kh7 61. c5) 56... b4 57. Ke4 {Weighted Error Value: White=0.16 (very precise) /Black=0.43} 1-0

[Event "Al Mahmud Memorial Probashi Chess-ch 202"]
[Site "Dhaka"]
[Date "2022.02.07"]
[Round "3.6"]
[White "Subrota, Biswas"]
[Black "Ahmed, Feroz"]
[Result "1-0"]
[WhiteElo "2202"]
[BlackElo "1901"]
[Annotator "TA"]
[PlyCount "97"]
[EventDate "2022.02.06"]
[EventCountry "BAN"]
[SourceTitle "playchess.com"]
[Source "ChessBase"]
[SourceQuality "1"]

{[%evp 20,97,75,63,86,57,66,56,60,45,40,8,50,34,33,-16,-20,-25,-18,-15,-15,-15,-6,-14,-18,-83,-72,-82,-53,-43,-34,-47,-12,-27,-15,-50,-59,-50,-45,-55,-31,-61,-67,-245,-78,-597,-340,-303,-235,-227,-222,-229,-225,-200,-88,-75,0,-216,-104,-87,-65,-91,0,0,0,0,0,6,235,242,29981,29983,29988,29989,29993,29994,29994,29985,29985,5691]} 1. d4 Nf6 2. c4 g6 3. Nc3 Bg7 4. e4 d6 5. Nf3 O-O 6. Be2 Nbd7 7. Be3 e5 8. O-O c6 9. d5 c5 10. Ne1 Ne8 11. g4 {White is more active.} Kh8 {[#] E94: King's Indian: Classical: 6 Be2 e5 7 0-0: Various Black 7th moves.} 12. Qd2 $146 ({Predecessor:} 12. Kh1 Ndf6 13. Rg1 Ng8 14. Qd2 f5 15. gxf5 gxf5 16. exf5 Bxf5 17. Bd3 Qh4 18. Bxf5 Rxf5 19. Qd3 {1-0 (30) Jarmula,L (2447)-Sanal,V (2478) Celje 2016}) 12... f5 13. gxf5 gxf5 {White is slightly better.} 14. exf5 Ndf6 {Prevents Ne4.} 15. Bd3 Nh5 (15... e4 $11 {should be considered.} 16. Bc2 (16. Nxe4 Nxe4 17. Bxe4 b5 $11) 16... Ng4) 16. Ng2 Bxf5 17. Ne4 (17. Bxf5 $14 Rxf5 18. Rae1) 17... Nf4 {[%cal Ob7b5]} 18. Bxf4 (18. Nxf4 $2 exf4 19. Bxf4 Bxe4 $19) 18... exf4 19. Qxf4 Bxb2 20. Rae1 {aiming for Ng3.} Be5 $1 {This bishop pair is nice.} 21. Qd2 Nf6 22. f4 ({Reject} 22. Nxc5 Ng4 23. Ne6 (23. Nxb7 $2 Qb6 $19) 23... Nxh2 $1 $17) (22. Ng5 $11 {remains equal.} Nh5 23. Nf3) 22... Bd4+ $17 23. Kh1 Nxe4 24. Bxe4 Qf6 25. Qd3 Rab8 {[%cal Ba8b8,Bb8e8,Be8e7][%mdl 32]} 26. a4 a6 27. Rb1 Bxe4 28. Qxe4 Rbe8 29. Qf3 Re7 30. Rb3 Qf5 31. Rfb1 $2 (31. Qh3 $15) 31... Qc2 $2 (31... Rg8 $1 $19 32. Qd3 (32. Rxb7 $2 Rxb7 33. Rxb7 Qc2 $19) 32... Qd7) 32. Qf1 $2 {[%mdl 8192]} (32. Qd3 $17 Re2 33. Qxc2 Rxc2 34. Rxb7) 32... Rg8 {( -> ...Reg7)} 33. Rg3 Reg7 34. Rxg7 Rxg7 35. Re1 Qxa4 36. f5 Rf7 (36... Be5 $1 $19 {is more deadly. Threatens to win with ...Qc2.} 37. Ne3 (37. f6 $2 Rf7 $19) 37... Qd7) 37. Nh4 {[%cal Of5f6]} Bf6 (37... Bg7 $17) 38. Nf3 $2 {[#]} (38. Qh3 $11 {and White is okay.}) 38... Qd7 (38... Rf8 $1 $19 {and Black stays clearly on top. ...b5 is the strong threat.} 39. Qe2 Qa3) 39. Re6 b5 40. Nd2 b4 (40... Be5 $17) 41. Ne4 $1 $11 {[%csl LRd6,LRf6]} Be5 42. Nxc5 dxc5 43. Rxe5 {[%mdl 4096] Endgame Hoping for Qa1. KQR-KQR} b3 $2 {[#]} (43... Rf8 $1 $11 {and Black stays safe.}) 44. Qa1 $1 $18 {[%cal Re5e8]} Rg7 $2 (44... Kg8 $18 45. Qg1+ Rg7 46. Qxc5 Qd8) 45. f6 {[%cal Bf5f6,Bf6f7][%mdl 32] White mates.} Rg8 46. Re7 Qg4 47. f7+ Qd4 48. Qxd4+ cxd4 49. Re8 {What a bad dream for Black.  Weighted Error Value: White=0.39/Black=0.66} (49. fxg8=Q+ $142 Kxg8 50. Rb7 Kf8 51. c5 Ke8 52. Rxb3 Kd8 53. c6 Ke7 54. Rb7+ Kd6 55. Rd7+ Kc5 56. c7) 1-0

[Event "Al Mahmud Memorial Probashi Chess-ch 202"]
[Site "Dhaka"]
[Date "2022.02.07"]
[Round "3.7"]
[White "Swarnavo Choudhury"]
[Black "Sadnan Hasan, Dihan"]
[Result "1/2-1/2"]
[WhiteElo "1945"]
[BlackElo "2152"]
[Annotator "TA"]
[PlyCount "45"]
[EventDate "2022.02.06"]
[EventCountry "BAN"]
[SourceTitle "playchess.com"]
[Source "ChessBase"]
[SourceQuality "1"]

{[%evp 9,45,20,34,51,46,25,37,18,60,28,39,10,22,0,25,-7,-16,-57,-25,-33,-33,-52,0,-2,55,39,166,159,156,160,148,0,0,0,161,0,0,0]} 1. e4 a6 2. d4 g6 3. Nc3 b5 4. a3 Bg7 5. Be3 Bb7 6. Qd2 {B00: Queen's Fianchetto Defence, Nimzowitsch Defence.} d6 7. f3 Nd7 8. h4 {White is slightly better.} h6 (8... h5 $11) 9. g4 e6 10. Nge2 Ne7 11. Ng3 {[#]} Rc8 $146 ({Predecessor:} 11... c6 12. Be2 Qc7 13. Kf2 c5 14. dxc5 dxc5 15. Rad1 Nc6 16. Bxb5 Nd4 17. Bxd7+ Qxd7 {½-½ (58) Fels,K (1811)-Schurig,W (1964) Schloss Schney 2004}) 12. Rd1 c5 13. Be2 (13. dxc5 $11 {feels stronger.} dxc5 14. Kf2) 13... Qc7 (13... Nc6 $5 {[%cal Rc5d4]} 14. dxc5 dxc5 $11) 14. Kf2 Rd8 15. Rhe1 cxd4 (15... Nc6 $15 16. d5 Nd4) 16. Bxd4 $11 e5 (16... Be5 $11) 17. Be3 $14 {[%cal Oe2b5]} Nb6 {[#]} ({Black should play} 17... Nf6 $14) 18. Bxb5+ $1 $18 {[%mdl 512]} axb5 19. Nxb5 Qc6 20. Na7 {[%mdl 1024] White has strong compensation. White is more active.} Qc7 {White must now prevent ...Nc4.} 21. Nb5 $1 {[%csl LRc7,LRd6]} Qc6 22. Na7 ({White has to play} 22. Nxd6+ $18 Qxd6 23. Qxd6 Rxd6 24. Rxd6) 22... Qc7 $11 {Threatens to win with ...Nc4.} 23. Nb5 $1 {[%csl LRc7,LRd6] Weighted Error Value: White=0.38/Black=0.30} 1/2-1/2